000
00331nam a2200133Ia 4500
005
20251222155136.0
008
251222s9999||||xx |||||||||||||| ||spa||
082
_a
MEQ.212
100
_a
GUTIERREZ RODERO,F.
245
0
_a
Manual de diagnósico y terapeútica médica
250
_a
1ra. ed.
264
_b
MSD/Abello
942
_c
LIB
999
_c
39014
_d
39014